<?xml version="1.0" encoding="UTF-8"?>
<record
    xmlns:xsi="http://www.w3.org/2001/XMLSchema-instance"
    xsi:schemaLocation="http://www.loc.gov/MARC21/slim http://www.loc.gov/standards/marcxml/schema/MARC21slim.xsd"
    xmlns="http://www.loc.gov/MARC21/slim">

  <leader>00308    a2200109   4500</leader>
  <controlfield tag="001">ART_49992</controlfield>
  <controlfield tag="005">20260410161730.0</controlfield>
  <controlfield tag="008">260409a                                 </controlfield>
  <datafield tag="245" ind1="1" ind2="0">
    <subfield code="a">La idea de Naci&#xF3;n en el Facundo</subfield>
  </datafield>
  <datafield tag="100" ind1="1" ind2=" ">
    <subfield code="a">D'Auria, An&#xED;bal</subfield>
  </datafield>
  <datafield tag="773" ind1="0" ind2=" ">
    <subfield code="t">Lecciones y ensayos</subfield>
    <subfield code="g">- N&#xBA; 86 (ene. 2009)</subfield>
    <subfield code="w">REV2658</subfield>
  </datafield>
  <datafield tag="999" ind1=" " ind2=" ">
    <subfield code="c">17732</subfield>
    <subfield code="d">17732</subfield>
  </datafield>
</record>
